000 00535 a2200157 4500
999 _c10541
_d10541
020 _a9783844390520
050 _aGN 476 SHI 2011
100 _aShizha , Edward
_eauthor
245 _aIndigenous Knowledge and Science Education in Zimbabwe :
_bPerspective of rural primary school teachers /
_cEdward Shizha
264 _aBerlin :
_bLAP LAMBERT Academic Publishing,.
_c2011
300 _a195p. :
500 _aincludes index
650 _aindigenous knowledge....Zimbabwe
650 _aScience education
942 _2lcc
_cBK
_h476
_iSHI
_kGN